| 000 | 00491cam a2200193ua 4500 | ||
|---|---|---|---|
| 020 |
_a81-7409-065-7 _cRs 90.00 |
||
| 041 |
_aeng _h |
||
| 082 |
_a631.4 _bMIT/SO |
||
| 100 | _aMittal, Satyendra. | ||
| 245 |
_aSoil testing for engineers / _cSatyendra Mittal. _hTextual Documents |
||
| 250 |
_a3 / _b. |
||
| 260 |
_aDelhi : _bKhanna publishers , _c2000. |
||
| 300 | _a216 ; . | ||
| 365 | _aRs 90.00 | ||
| 504 | _a | ||
| 700 | 1 | _aShukla, J P. | |
| 942 | _cBK | ||
| 999 |
_c375 _d375 |
||